000 01304cam a2200373 a 4500
001 5554
003 FISKH
005 20241217140827.0
008 000830s2001 nyu c 000 1 eng
010 _a 00045068
020 _a0689829353
020 _a9780689843587
040 _aDLC
_cDLC
_dDLC
_beng
050 _aPZ7.M423964
082 _a813
100 1 _aMatas, Carol,
_d1949-
245 1 4 _aThe war within :
_ba novel of the Civil War /
_cCarol Matas.
250 _aFirst Aladdin Paperback December 2002
260 _aNew York :
_bAladdin Paperback,
_c2001.
300 _a151 pages :
_c20 cm
505 _aR
520 _aIn 1862, after Union forces expel Hannah's family from Holly Springs, Mississippi, because they are Jews, Hannah reexamines her views regarding slavery and the war.
521 8 _a690
_bLexile
521 8 _aR
_bRaz-Plus
650 1 _aJews
_zUnited States
_vFiction.
650 1 _aPrejudices
_vFiction.
650 1 _aSlavery
_vFiction.
651 0 _aUnited States
_xHistory
_yCivil War, 1861-1865
_vJuvenile fiction.
651 1 _aUnited States
_xHistory
_yCivil War, 1861-1865
_vFiction.
651 1 _aMississippi
_xHistory
_yCivil War, 1861-1865
_vFiction.
906 _a7
_bcbc
_corignew
_d1
_eocip
_f20
_gy-gencatlg
942 _2ddc
_cBK
_n0
999 _c5554
_d5554